|
|
|
|
| LEADER |
00649nam a22001931a 4500 |
| 020 |
|
|
|c 0.00
|
| 040 |
|
|
|a SSUS - Library - Kalady
|
| 082 |
|
|
|a S103 2
|b KAL/K
|
| 100 |
|
|
|a Kalidasa
|
| 245 |
|
|
|a Kumarasambhavam- Mahakavyam
|h [Text]
|
| 260 |
|
|
|a Varanasi
|b Chaukamba Sanskrit Sansthan
|c 1987
|
| 300 |
|
|
|a 571p.
|
| 600 |
|
|
|a Poetry Epic Sanskrit
|
| 600 |
|
|
|a Literature
|
| 600 |
|
|
|a Literature Sanskrit
|
| 852 |
|
|
|h S103 2
|i KAL/K
|p 035498
|9 75.00
|t 0
|
| 942 |
|
|
|c BK
|
| 999 |
|
|
|c 24782
|d 24782
|
| 952 |
|
|
|0 0
|1 0
|4 0
|6 S_103_200000000000000_KAL_K
|7 0
|9 35575
|a SSUS
|b SSUS
|c STACKS
|d 2015-01-08
|g 75.00
|l 14
|o S103 2 KAL/K
|p 035498
|r 2020-10-13
|s 2020-06-11
|v 0.00
|w 2015-01-08
|y BK
|